| 000 | 01284nam a22003857a 4500 | ||
|---|---|---|---|
| 003 | CHAP | ||
| 005 | 20220329143305.0 | ||
| 008 | 080221d2005 es r 00110 spa d | ||
| 010 | _a94481 | ||
| 011 | _a95453 | ||
| 020 | _a8428214026 | ||
| 035 | _a106079 | ||
| 040 | _cCHAP | ||
| 082 | 0 | 0 |
_a635 _aB64Y |
| 100 | 0 | 0 |
_aBoutherin, Dominique. _914799 |
| 245 | 1 | 0 |
_aReproducción de las plantas hortícolas _c/por Dominique Boutherin y Gilbert Bron |
| 260 |
_aBarcelona : _bOmega, _c2005 |
||
| 300 |
_axvi, 246 p. : _bilus. |
||
| 500 | _atrad. de La multiplication des plantes horticoles | ||
| 590 |
_aBATCH-UPD _b10 _c20130110 _lUCH01 _h0140 |
||
| 590 |
_aBATCH-UPD _b10 _c20130110 _lUCH01 _h1751 |
||
| 590 |
_aBATCH-UPD _b10 _c20130410 _lUCH01 _h1129 |
||
| 590 |
_aBATCH-UPD _b10 _c20130914 _lUCH01 _h1320 |
||
| 590 |
_aCONVERSION _b10 _c20130109 _lUCH01 _h1352 |
||
| 650 | 1 | 4 |
_aEspecies _xOrigen de las. _937791 |
| 650 | 1 | 4 |
_aHorticultura. _956291 |
| 650 | 1 | 4 |
_aHorticultura _xMejoramiento. _956353 |
| 650 | 1 | 4 |
_aInjertos. _958808 |
| 650 | 1 | 4 |
_aPlantas _xReproducción. _988879 |
| 650 | 1 | 4 |
_aSemillas hortícolas. _9103943 |
| 700 | 0 |
_aBron, Gilbert. _915519 |
|
| 901 | _aBK | ||
| 942 | _cLIBRO | ||
| 949 |
_a635 B64Y _bBC _cLIBRO _d33724002048801 _eLIBRO _gI.c/e _h109207 _i106079 _si _t$497.25 |
||
| 999 |
_c94481 _d94481 |
||